[Event "IECG L1.2000.0.00010 email"]
[Site "IECG email"]
[Date "2000.03.05"]
[Round "?"]
[White "Pinasco, Damian"]
[Black "Hebels, Alex"]
[Result "1/2-1/2"]
[WhiteElo "1794"]
[BlackElo "1977"]
[PlyCount "55"]
[EventDate "2000.03.05"]
[EventType "tourn (corr)"]
[EventRounds "14"]
[SourceTitle "Corr 2008"]
[Source "ChessBase"]
[SourceDate "2008.06.24"]
[SourceVersion "1"]
[SourceVersionDate "2008.06.24"]
[SourceQuality "1"]

1. e4 d6 2. d4 Nf6 3. Nc3 Nbd7 4. f4 e5 5. Nf3 c6 6. dxe5 dxe5 7. fxe5 Ng4 8. e6 fxe6 9. Ng5 Nde5 10. Qxd8+ Kxd8 11. h3 Nh6 12. Bf4 Ng6 13. 0-0-0+ Ke8 14. Bc7 Be7 15. Nf3 Nf7 16. e5 Ng5 17. Nxg5 Bxg5+ 18. Kb1 Rf8 19. Bd3 Be7 20. Bxg6+ hxg6 21. Ne4 b6 22. Nd6+ Bxd6 23. Bxd6 Rf5 24. g4 Rf7 25. c4 Ba6 26. b3 c5 27. Rhf1 g5 28. Kc1 1/2-1/2

[Event "IECG L1.2000.0.00009 email"]
[Site "IECG email"]
[Date "2000.01.30"]
[Round "?"]
[White "Hebels, Alex"]
[Black "Smith, Douglas Royston"]
[Result "0-1"]
[WhiteElo "1977"]
[BlackElo "2115"]
[PlyCount "70"]
[EventDate "2000.01.30"]
[EventType "tourn (corr)"]
[EventRounds "14"]
[SourceTitle "Corr 2008"]
[Source "ChessBase"]
[SourceDate "2008.06.24"]
[SourceVersion "1"]
[SourceVersionDate "2008.06.24"]
[SourceQuality "1"]

1. d4 Nf6 2. Nf3 e6 3. Bg5 c5 4. c3 b6 5. e4 h6 6. Bxf6 Qxf6 7. e5 Qg6 8. Na3 Bb7 9. Nb5 Na6 10. dxc5 Bxc5 11. a3 f6 12. b4 Be7 13. Be2 Rd8 14. Nd6+ Bxd6 15. exd6 Rc8 16. Rc1 0-0 17. 0-0 Nb8 18. Nh4 Qg5 19. g3 Be4 20. f4 Qd5 21. Qxd5 exd5 22. f5 Nc6 23. Ng6 Rfe8 24. Bh5 b5 25. Rcd1 Kh7 26. h4 a6 27. Rd2 Ne5 28. Ne7 Rf8 29. Nxc8 Rxc8 30. Rc1 Nd3 31. Bg6+ Kg8 32. Rxd3 Bxd3 33. Re1 Be4 34. Re3 Rc6 35. Kf1 Rxd6 0-1

[Event "IECG L1.2000.0.00009 email"]
[Site "IECG email"]
[Date "2000.01.30"]
[Round "?"]
[White "Salai, Josip"]
[Black "Hebels, Alex"]
[Result "1/2-1/2"]
[WhiteElo "1993"]
[BlackElo "1977"]
[PlyCount "93"]
[EventDate "2000.01.30"]
[EventType "tourn (corr)"]
[EventRounds "14"]
[SourceTitle "Corr 2008"]
[Source "ChessBase"]
[SourceDate "2008.06.24"]
[SourceVersion "1"]
[SourceVersionDate "2008.06.24"]
[SourceQuality "1"]

1. e4 d6 2. d4 Nf6 3. Nc3 Nbd7 4. Nf3 e5 5. Bc4 Be7 6. 0-0 0-0 7. Re1 c6 8. a4 Qc7 9. h3 h6 10. Ba2 exd4 11. Nxd4 Re8 12. Bf4 Ne5 13. a5 Rb8 14. Qd2 b6 15. axb6 Rxb6 16. Bb3 Bf8 17. Rad1 Bd7 18. Nde2 c5 19. Be3 Rb4 20. Nf4 Qb8 21. f3 c4 22. Ba2 Rxb2 23. Rb1 g5 24. Nfd5 Nxd5 25. Nxd5 Bg7 26. Bd4 Rxb1 27. Rxb1 Qc8 28. c3 Be6 29. Rb5 a6 30. Ra5 Bxd5 31. Rxd5 Qc7 32. Qc2 Ra8 33. Qa4 a5 34. Kf1 Nd7 35. Qd1 Nf6 36. Rb5 Rc8 37. Qa4 d5 38. Rc5 Qb7 39. Rxc8+ Qxc8 40. Qxa5 dxe4 41. fxe4 Nxe4 42. Bxg7 Kxg7 43. Qe5+ Nf6 44. Qd4 Qf5+ 45. Kg1 Qe4 46. Bxc4 Qe1+ 47. Kh2 1/2-1/2

[Event "IECG L1.2000.0.00008 email"]
[Site "IECG email"]
[Date "2000.01.12"]
[Round "?"]
[White "Hebels, Alex"]
[Black "Malmstroem, Jan"]
[Result "0-1"]
[WhiteElo "1954"]
[BlackElo "2101"]
[PlyCount "90"]
[EventDate "2000.01.12"]
[EventType "tourn (corr)"]
[EventRounds "14"]
[SourceTitle "Corr 2008"]
[Source "ChessBase"]
[SourceDate "2008.06.24"]
[SourceVersion "1"]
[SourceVersionDate "2008.06.24"]
[SourceQuality "1"]

1. Nf3 d5 2. g3 Nf6 3. Bg2 c5 4. 0-0 Nc6 5. d3 Bg4 6. Nbd2 e5 7. h3 Bh5 8. c4 d4 9. Nh4 Qc7 10. Nb3 Nd7 11. Bd2 f6 12. Be4 Bf7 13. e3 dxe3 14. fxe3 g5 15. Nf5 h5 16. Bc3 0-0-0 17. Bd5 Bg6 18. Qe1 Bxf5 19. Rxf5 Ne7 20. Rf1 f5 21. Be6 Qd6 22. Bxd7+ Rxd7 23. d4 cxd4 24. exd4 h4 25. dxe5 Qb6+ 26. c5 Qe6 27. Nd4 Rxd4 28. Bxd4 Nc6 29. Rd1 Nxd4 30. Rxd4 Bxc5 31. Qe3 Kb8 32. g4 fxg4 33. hxg4 Re8 34. b4 Bxd4 35. Qxd4 Qxe5 36. Qxe5+ Rxe5 37. Rf8+ Kc7 38. a3 Re3 39. Rf7+ Kc6 40. Rf6+ Kd5 41. Rf5+ Ke4 42. Rxg5 Rxa3 43. Rg7 b5 44. Kh2 Kf4 45. g5 a6 0-1

[Event "IECG L1.2000.0.00008 email"]
[Site "IECG email"]
[Date "2000.01.12"]
[Round "?"]
[White "Hebels, Alex"]
[Black "Potapenko, Denis Petrovich"]
[Result "1-0"]
[WhiteElo "1954"]
[BlackElo "1850"]
[PlyCount "55"]
[EventDate "2000.01.12"]
[EventType "tourn (corr)"]
[EventRounds "14"]
[SourceTitle "Corr 2008"]
[Source "ChessBase"]
[SourceDate "2008.06.24"]
[SourceVersion "1"]
[SourceVersionDate "2008.06.24"]
[SourceQuality "1"]

1. Nf3 d5 2. g3 Nc6 3. Bg2 e5 4. 0-0 Be6 5. d3 f6 6. Nbd2 Qd7 7. a3 h5 8. h4 Nh6 9. b4 Nf7 10. c4 d4 11. Ne4 Bh3 12. Re1 Be7 13. Bxh3 Qxh3 14. Rb1 0-0-0 15. b5 Nb8 16. c5 g5 17. b6 axb6 18. Qb3 Rdf8 19. hxg5 h4 20. g6 hxg3 21. Nxg3 Rhg8 22. gxf7 Rxg3+ 23. fxg3 Qxg3+ 24. Kf1 f5 25. Qe6+ Kd8 26. cxb6 Qh3+ 27. Kf2 Bh4+ 28. Kg1 1-0

[Event "IECG L1.1999.0.00007 email"]
[Site "IECG email"]
[Date "1999.11.12"]
[Round "?"]
[White "Hebels, Alex"]
[Black "Fricker, Thomas"]
[Result "1-0"]
[WhiteElo "1970"]
[BlackElo "2155"]
[PlyCount "37"]
[EventDate "1999.11.12"]
[EventType "tourn (corr)"]
[EventRounds "14"]
[SourceTitle "Corr 2008"]
[Source "ChessBase"]
[SourceDate "2008.06.24"]
[SourceVersion "1"]
[SourceVersionDate "2008.06.24"]
[SourceQuality "1"]

1. b4 d5 2. Bb2 c6 3. Nf3 Bf5 4. e3 Nf6 5. Be2 e6 6. a3 Nbd7 7. Nh4 Bg6 8. 0-0 Be7 9. c4 e5 10. cxd5 cxd5 11. d4 e4 12. Nc3 0-0 13. Nxg6 hxg6 14. Qb3 Nb6 15. f3 exf3 16. Rxf3 Rc8 17. Rc1 Nc4 18. Nxd5 Nxd5 19. Bxc4 1-0

[Event "IECG L1.1999.0.00007 email"]
[Site "IECG email"]
[Date "1999.11.12"]
[Round "?"]
[White "Krovel Velle, Tor"]
[Black "Hebels, Alex"]
[Result "1/2-1/2"]
[WhiteElo "1618"]
[BlackElo "1970"]
[PlyCount "49"]
[EventDate "1999.11.12"]
[EventType "tourn (corr)"]
[EventRounds "14"]
[SourceTitle "Corr 2008"]
[Source "ChessBase"]
[SourceDate "2008.06.24"]
[SourceVersion "1"]
[SourceVersionDate "2008.06.24"]
[SourceQuality "1"]

1. e4 d6 2. d4 Nf6 3. Nc3 Nbd7 4. f4 e5 5. Nf3 c6 6. dxe5 dxe5 7. fxe5 Ng4 8. e6 fxe6 9. Ng5 Nde5 10. Qxd8+ Kxd8 11. h3 Nh6 12. Bf4 Ng6 13. 0-0-0+ Ke8 14. Be3 Be7 15. Bc4 Bxg5 16. Bxg5 Nf7 17. Be3 Nge5 18. Bb3 b6 19. Ne2 c5 20. Nf4 Ke7 21. Nd3 Nxd3+ 22. cxd3 Rd8 23. Rhf1 Ba6 24. Rf3 h6 25. Bf4 1/2-1/2

[Event "IECG L1.1999.0.00007 email"]
[Site "IECG email"]
[Date "1999.11.12"]
[Round "?"]
[White "Ligeti, George"]
[Black "Hebels, Alex"]
[Result "0-1"]
[WhiteElo "1862"]
[BlackElo "1970"]
[PlyCount "67"]
[EventDate "1999.11.12"]
[EventType "tourn (corr)"]
[EventRounds "14"]
[SourceTitle "Corr 2008"]
[Source "ChessBase"]
[SourceDate "2008.06.24"]
[SourceVersion "1"]
[SourceVersionDate "2008.06.24"]
[SourceQuality "1"]

1. d4 d6 2. e4 Nf6 3. Nc3 Nbd7 4. Nf3 e5 5. d5 Be7 6. Bd3 0-0 7. 0-0 Nc5 8. Re1 c6 9. h3 cxd5 10. Nxd5 Nxd5 11. exd5 Bd7 12. Bf1 f5 13. Be3 Rc8 14. b4 Na4 15. c4 Bf6 16. Rc1 e4 17. Nh2 Bc3 18. Bd2 Bb2 19. Rc2 b5 20. cxb5 Nc3 21. Bxc3 Bxc3 22. Re3 Bxb4 23. Rxc8 Qxc8 24. a4 Qc5 25. Be2 Bc3 26. Qc1 Rc8 27. Nf1 Bd4 28. Qd2 Be8 29. Bd1 Bxe3 30. Nxe3 Bd7 31. Kh2 Qc3 32. Qxc3 Rxc3 33. g3 g5 34. a5 0-1

[Event "IECG CP.1999.P.00008"]
[Site "IECG email"]
[Date "1999.10.01"]
[Round "?"]
[White "Hebels, Alex"]
[Black "Aguiar, Alexandre"]
[Result "0-1"]
[WhiteElo "1970"]
[BlackElo "800"]
[PlyCount "67"]
[EventDate "1999.10.01"]
[EventType "tourn (corr)"]
[EventRounds "6"]
[EventCountry "BRA"]
[SourceTitle "Corr 2008"]
[Source "ChessBase"]
[SourceDate "2008.06.24"]
[SourceVersion "1"]
[SourceVersionDate "2008.06.24"]
[SourceQuality "1"]

1. d4 Nf6 2. Nc3 d5 3. e4 dxe4 4. f3 exf3 5. Nxf3 e6 6. Bg5 Be7 7. Bd3 c5 8. dxc5 Qa5 9. 0-0 Qxc5+ 10. Kh1 Nbd7 11. Qe2 a6 12. Rae1 Qb6 13. Bc1 0-0 14. Ng5 Qc6 15. Nce4 h6 16. Nxf6+ Nxf6 17. Nf3 Qa4 18. Ne5 Rd8 19. Qf3 Kf8 20. Qh3 h5 21. Bg5 Rd5 22. Bxf6 Bxf6 23. Qxh5 Qe8 24. c4 Rxe5 25. Rxe5 Bxe5 26. Qxe5 f6 27. Be4 f5 28. g4 Qe7 29. b3 Ke8 30. c5 g6 31. c6 b5 32. Rd1 Kf7 33. gxf5 exf5 34. Bd5+ 0-1

[Event "IECG CP.1999.P.00008"]
[Site "IECG email"]
[Date "1999.10.01"]
[Round "?"]
[White "Hedrera, Marcelo Ernesto"]
[Black "Hebels, Alex"]
[Result "1-0"]
[WhiteElo "2399"]
[BlackElo "1970"]
[PlyCount "53"]
[EventDate "1999.10.01"]
[EventType "tourn (corr)"]
[EventRounds "6"]
[EventCountry "BRA"]
[SourceTitle "Corr 2008"]
[Source "ChessBase"]
[SourceDate "2008.06.24"]
[SourceVersion "1"]
[SourceVersionDate "2008.06.24"]
[SourceQuality "1"]

1. e4 Nf6 2. e5 Nd5 3. d4 d6 4. Nf3 Bg4 5. Be2 c6 6. c4 Nb6 7. Nbd2 dxe5 8. Nxe5 Be6 9. Nef3 f6 10. 0-0 Bf7 11. Re1 N8d7 12. Bd3 e6 13. Bf5 Be7 14. Bxe6 Bxe6 15. Rxe6 0-0 16. a4 a5 17. b3 Re8 18. Nf1 Nf8 19. Re3 Nbd7 20. Bd2 Bd6 21. Qc2 Qc7 22. Rae1 Rxe3 23. Nxe3 Ng6 24. Nf5 Bf8 25. Qe4 Nb6 26. Qe6+ Kh8 27. h4 1-0

[Event "IECG L1.1999.0.00006 email"]
[Site "IECG email"]
[Date "1999.09.30"]
[Round "?"]
[White "Hebels, Alex"]
[Black "Hanegby, Avigdor"]
[Result "1/2-1/2"]
[WhiteElo "1970"]
[BlackElo "1952"]
[PlyCount "50"]
[EventDate "1999.09.29"]
[EventType "tourn (corr)"]
[EventRounds "13"]
[SourceTitle "Corr 2008"]
[Source "ChessBase"]
[SourceDate "2008.06.24"]
[SourceVersion "1"]
[SourceVersionDate "2008.06.24"]
[SourceQuality "1"]

1. d4 g6 2. e4 Bg7 3. Nc3 c6 4. Be3 d6 5. Qd2 b5 6. Bd3 Nd7 7. Nf3 Bb7 8. 0-0 Qc7 9. a4 b4 10. Ne2 c5 11. Ng3 Ngf6 12. dxc5 dxc5 13. Rfd1 c4 14. Be2 c3 15. bxc3 Nxe4 16. Nxe4 Bxe4 17. Bb5 Bc6 18. Nd4 Bxb5 19. Nxb5 Qc6 20. Nxa7 Rxa7 21. Bxa7 Bxc3 22. Qxd7+ Qxd7 23. Rxd7 Kxd7 24. Ra2 Kc6 25. Be3 e5 1/2-1/2

[Event "IECG L1.1999.0.00006 email"]
[Site "IECG email"]
[Date "1999.09.29"]
[Round "?"]
[White "Dournes, Robert"]
[Black "Hebels, Alex"]
[Result "0-1"]
[WhiteElo "2043"]
[BlackElo "1970"]
[PlyCount "44"]
[EventDate "1999.09.29"]
[EventType "tourn (corr)"]
[EventRounds "13"]
[SourceTitle "Corr 2008"]
[Source "ChessBase"]
[SourceDate "2008.06.24"]
[SourceVersion "1"]
[SourceVersionDate "2008.06.24"]
[SourceQuality "1"]

1. e4 Nf6 2. e5 Nd5 3. d4 d6 4. c4 Nb6 5. f4 dxe5 6. fxe5 Nc6 7. Be3 Bf5 8. Nc3 e6 9. Nf3 Be7 10. d5 exd5 11. cxd5 Nb4 12. Nd4 Bd7 13. e6 fxe6 14. dxe6 Bc6 15. Qh5+ g6 16. Qh6 Bh4+ 17. Ke2 Bf6 18. Rd1 Qe7 19. Rd2 Nc4 20. Rd1 Bxd4 21. Bxd4 Rf8 22. Qh3 Rf5 0-1

[Event "IECG L1.1999.0.00006 email"]
[Site "IECG email"]
[Date "1999.09.29"]
[Round "?"]
[White "Hebels, Alex"]
[Black "Lund, Jens Dahlen"]
[Result "1/2-1/2"]
[WhiteElo "1970"]
[BlackElo "2191"]
[PlyCount "40"]
[EventDate "1999.09.29"]
[EventType "tourn (corr)"]
[EventRounds "13"]
[SourceTitle "Corr 2008"]
[Source "ChessBase"]
[SourceDate "2008.06.24"]
[SourceVersion "1"]
[SourceVersionDate "2008.06.24"]
[SourceQuality "1"]

1. d4 Nf6 2. Nc3 d5 3. e4 dxe4 4. f3 exf3 5. Nxf3 Bg4 6. h3 Bxf3 7. Qxf3 c6 8. Be3 e6 9. Bd3 Be7 10. 0-0 Nbd7 11. Rf2 0-0 12. Raf1 Qb6 13. g4 Qxb2 14. Ne4 Qxa2 15. Nxf6+ Nxf6 16. g5 Nd7 17. Bxh7+ Kxh7 18. Qh5+ Kg8 19. Rxf7 Nf6 20. R7xf6 Rxf6 1/2-1/2

[Event "IECG L1.1999.0.00006 email"]
[Site "IECG email"]
[Date "1999.09.29"]
[Round "?"]
[White "Kinkelin, Christian"]
[Black "Hebels, Alex"]
[Result "1-0"]
[WhiteElo "1822"]
[BlackElo "1970"]
[PlyCount "69"]
[EventDate "1999.09.29"]
[EventType "tourn (corr)"]
[EventRounds "13"]
[SourceTitle "Corr 2008"]
[Source "ChessBase"]
[SourceDate "2008.06.24"]
[SourceVersion "1"]
[SourceVersionDate "2008.06.24"]
[SourceQuality "1"]

1. e4 Nf6 2. e5 Nd5 3. d4 d6 4. Nf3 Bg4 5. Be2 c6 6. 0-0 Bxf3 7. Bxf3 dxe5 8. dxe5 e6 9. Nd2 Nd7 10. Re1 Qc7 11. Nc4 N7b6 12. Qe2 Nxc4 13. Qxc4 0-0-0 14. a3 Be7 15. b4 g5 16. Qb3 h5 17. c4 Nf4 18. Bxf4 gxf4 19. b5 cxb5 20. Qxb5 b6 21. a4 Rd2 22. a5 Bc5 23. Rf1 bxa5 24. Rxa5 Bb6 25. Qa6+ Kd8 26. Rb5 Qc8 27. Qa4 Rd4 28. Rc1 Qd7 29. Qb4 Ke8 30. Qb1 Qd8 31. c5 Bc7 32. Rb7 a5 33. Qb5+ Kf8 34. c6 Ke8 35. Qa6 1-0

[Event "IECG L1.1999.0.00006 email"]
[Site "IECG email"]
[Date "1999.09.29"]
[Round "?"]
[White "Sidenko, Anatoly Viktorovich"]
[Black "Hebels, Alex"]
[Result "1-0"]
[WhiteElo "2199"]
[BlackElo "1970"]
[PlyCount "55"]
[EventDate "1999.09.29"]
[EventType "tourn (corr)"]
[EventRounds "13"]
[SourceTitle "Corr 2008"]
[Source "ChessBase"]
[SourceDate "2008.06.24"]
[SourceVersion "1"]
[SourceVersionDate "2008.06.24"]
[SourceQuality "1"]

1. d4 Nc6 2. Bg5 f6 3. Bh4 e5 4. dxe5 Nxe5 5. e4 Ne7 6. f4 Nf7 7. Bc4 d5 8. exd5 Nd6 9. Bb3 Nef5 10. Bf2 Ne4 11. Qe2 Bb4+ 12. c3 0-0 13. cxb4 Re8 14. Kd1 Neg3 15. hxg3 Rxe2 16. Nxe2 Nd6 17. Nbc3 Bg4 18. Kc1 a5 19. bxa5 Rxa5 20. Nd4 h6 21. Ne6 Qd7 22. Rh4 h5 23. Bc5 b6 24. Bb4 Ra7 25. Rh1 Qe8 26. Kd2 Qd7 27. Bxd6 Qxd6 28. Rae1 1-0

[Event "IECG L1.1999.0.00005 email"]
[Site "IECG email"]
[Date "1999.09.06"]
[Round "?"]
[White "Hebels, Alex"]
[Black "Di Tolla, Francesco"]
[Result "1-0"]
[WhiteElo "1926"]
[BlackElo "1967"]
[PlyCount "73"]
[EventDate "1999.09.06"]
[EventType "tourn (corr)"]
[EventRounds "14"]
[SourceTitle "Corr 2008"]
[Source "ChessBase"]
[SourceDate "2008.06.24"]
[SourceVersion "1"]
[SourceVersionDate "2008.06.24"]
[SourceQuality "1"]

1. d4 Nf6 2. c4 e6 3. Nc3 Bb4 4. Qc2 0-0 5. a3 Bxc3+ 6. Qxc3 b6 7. Bg5 Bb7 8. e3 h6 9. Bh4 d6 10. f3 Nbd7 11. Bd3 c5 12. Ne2 Rc8 13. 0-0 Ba6 14. Qb3 d5 15. Rac1 b5 16. cxb5 c4 17. Bxc4 dxc4 18. Qa4 Bb7 19. Qxa7 Qc7 20. Bg3 Qb6 21. Qa4 Nd5 22. Kf2 e5 23. Rxc4 Rxc4 24. Qxc4 Rc8 25. Qd3 exd4 26. exd4 Re8 27. Nc3 Ne5 28. Bxe5 Rxe5 29. a4 Nf4 30. Qd2 Ne6 31. Ne2 Qd6 32. Kg1 Rxe2 33. Qxe2 Qxd4+ 34. Kh1 Qxa4 35. h3 Bd5 36. Rc1 Nd4 37. Qe5 1-0

[Event "IECG L1.1999.0.00005 email"]
[Site "IECG email"]
[Date "1999.09.06"]
[Round "?"]
[White "Hebels, Alex"]
[Black "Kulvietis, Marijus"]
[Result "1-0"]
[WhiteElo "1926"]
[BlackElo "1991"]
[PlyCount "55"]
[EventDate "1999.09.06"]
[EventType "tourn (corr)"]
[EventRounds "14"]
[SourceTitle "Corr 2008"]
[Source "ChessBase"]
[SourceDate "2008.06.24"]
[SourceVersion "1"]
[SourceVersionDate "2008.06.24"]
[SourceQuality "1"]

1. d4 Nf6 2. c4 c5 3. d5 b5 4. cxb5 a6 5. f3 d6 6. e4 Nbd7 7. bxa6 Bxa6 8. Bxa6 Rxa6 9. Ne2 g6 10. 0-0 Bg7 11. Nd2 0-0 12. Nc4 Nb6 13. Qb3 Nxc4 14. Qxc4 Qb6 15. Nc3 Rb8 16. Rf2 Nd7 17. Be3 Ne5 18. Qe2 Ra7 19. f4 Nd7 20. Rc1 Qa6 21. b3 Qxe2 22. Rxe2 Rba8 23. a4 Rb7 24. Nb5 Kf8 25. Ree1 Ke8 26. e5 dxe5 27. Bxc5 Nxc5 28. Rxc5 1-0

[Event "IECG L1.1999.0.00004 email"]
[Site "IECG email"]
[Date "1999.07.26"]
[Round "?"]
[White "Mego, Peter"]
[Black "Hebels, Alex"]
[Result "0-1"]
[WhiteElo "1832"]
[BlackElo "1926"]
[PlyCount "82"]
[EventDate "1999.07.26"]
[EventType "tourn (corr)"]
[EventRounds "14"]
[SourceTitle "Corr 2008"]
[Source "ChessBase"]
[SourceDate "2008.06.24"]
[SourceVersion "1"]
[SourceVersionDate "2008.06.24"]
[SourceQuality "1"]

1. d4 Nc6 2. Nf3 d5 3. g3 Bg4 4. Bg2 Qd7 5. 0-0 0-0-0 6. c3 f6 7. b4 e5 8. dxe5 Nxe5 9. Nxe5 fxe5 10. Qd2 Nf6 11. Qe3 b6 12. a4 h5 13. a5 h4 14. axb6 cxb6 15. Qd3 hxg3 16. fxg3 Kb8 17. Bg5 Be7 18. Rd1 Be6 19. Bxf6 Bxf6 20. e4 d4 21. cxd4 Qxd4+ 22. Qxd4 exd4 23. Nd2 d3 24. Rac1 Bd7 25. Nf3 Bb2 26. Rb1 Ba4 27. Rd2 Bc3 28. Ra2 Bc2 29. Rf1 d2 30. Rxc2 d1Q 31. Rxd1 Rxd1+ 32. Kf2 Bxb4 33. e5 Bc5+ 34. Ke2 Ra1 35. h4 Ra3 36. Rd2 Re3+ 37. Kd1 Kc7 38. Rd5 a5 39. Kd2 Rd8 40. Rxd8 Kxd8 41. h5 a4 0-1

[Event "IECG L1.1999.0.00002 email"]
[Site "IECG email"]
[Date "1999.06.18"]
[Round "?"]
[White "Sanchez, Vicente"]
[Black "Hebels, Alex"]
[Result "1/2-1/2"]
[WhiteElo "2040"]
[BlackElo "1939"]
[PlyCount "55"]
[EventDate "1999.06.18"]
[EventType "tourn (corr)"]
[EventRounds "12"]
[SourceTitle "Corr 2008"]
[Source "ChessBase"]
[SourceDate "2008.06.24"]
[SourceVersion "1"]
[SourceVersionDate "2008.06.24"]
[SourceQuality "1"]

1. e4 Nf6 2. e5 Nd5 3. d4 d6 4. Nf3 dxe5 5. Nxe5 g6 6. Bc4 c6 7. 0-0 Bg7 8. Re1 0-0 9. Bb3 Be6 10. Nd2 Nd7 11. Ndf3 Nxe5 12. Nxe5 a5 13. c3 Qc8 14. Bd2 Rd8 15. Qe2 a4 16. Bc4 Qc7 17. Rac1 Bf5 18. g4 Be6 19. h3 Qb6 20. Rc2 c5 21. Bxd5 Rxd5 22. dxc5 Qxc5 23. Be3 Qc7 24. Bd4 Rad8 25. Nf3 Rc8 26. Bxg7 Kxg7 27. a3 Qf4 28. Nd4 1/2-1/2

[Event "IECG L1.1999.0.00002 email"]
[Site "IECG email"]
[Date "1999.06.18"]
[Round "?"]
[White "Smits, Mark"]
[Black "Hebels, Alex"]
[Result "1-0"]
[WhiteElo "1897"]
[BlackElo "1939"]
[PlyCount "115"]
[EventDate "1999.06.18"]
[EventType "tourn (corr)"]
[EventRounds "12"]
[SourceTitle "Corr 2008"]
[Source "ChessBase"]
[SourceDate "2008.06.24"]
[SourceVersion "1"]
[SourceVersionDate "2008.06.24"]
[SourceQuality "1"]

1. e4 Nf6 2. e5 Nd5 3. d4 d6 4. Nf3 dxe5 5. Nxe5 g6 6. Bc4 c6 7. Nc3 Be6 8. Ne4 Nc7 9. Bxe6 Nxe6 10. Qf3 f6 11. Qb3 Qd5 12. Qxb7 Qxe4+ 13. Be3 Bg7 14. Qxa8 fxe5 15. Qxb8+ Kf7 16. Qb4 Qxg2 17. 0-0-0 exd4 18. Bd2 Qd5 19. Qa3 c5 20. Rhe1 c4 21. Bb4 Bf6 22. Qa6 Rb8 23. a3 c3 24. b3 Bg5+ 25. f4 Nxf4 26. Kb1 d3 27. Ka1 Qd4 28. Qc6 Rxb4 29. axb4 Qxb4 30. Kb1 Kg7 31. Re4 Qa3 32. Qxc3+ Bf6 33. Ra4 Qxa4 34. Qxf6+ Kxf6 35. bxa4 dxc2+ 36. Kxc2 Ke6 37. Rd8 Nd5 38. Kb3 Nc7 39. Kc4 g5 40. Kc5 Kf6 41. Rd7 Ne6+ 42. Kb4 a6 43. Ra7 h5 44. Rxa6 h4 45. a5 g4 46. Rc6 g3 47. hxg3 hxg3 48. Rc3 g2 49. Rg3 Nc7 50. Rxg2 Ke5 51. Rd2 e6 52. Kc5 Ke4 53. Kb6 Nd5+ 54. Kc6 Nb4+ 55. Kb5 Nd5 56. Rc2 Kd3 57. Rc5 Nc3+ 58. Rxc3+ 1-0